USMLE step 1 pathology lecture notes
Guardat en:
| Autor principal: | |
|---|---|
| Format: | Llibre |
| Idioma: | anglès |
| Publicat: |
Kaplan Medical
2006
|
| Etiquetes: |
Afegir etiqueta
Sense etiquetes, Sigues el primer a etiquetar aquest registre!
|
MARC
| LEADER | 00000nam a22000007a 4500 | ||
|---|---|---|---|
| 008 | 210125b ||||| |||| 00| 0 eng d | ||
| 100 | |a BARONE, John. | ||
| 245 | |a USMLE step 1 pathology lecture notes |c John Barone contributors, Earl J. Brown… [et. al.]. |g vii, 342p. | ||
| 250 | |b 2006-2007 ed. | ||
| 260 | |b Kaplan Medical |c 2006 |h New York |i 687219 |l RB 120 .B23 |m Pathology - Outlines, syllabi, etc. |m Pathology – Examinations, questions, etc. |m Pathology – Outlines. | ||
| 942 | |a ddc |c BK |e Ogunmilade F.T. |f 25/1/2021 | ||
| 952 | |0 0 |1 0 |2 lcc |4 0 |6 RB0120 B23 |7 0 |9 1762 |a HOL |b HOL |c QZ |d 2021-01-25 |l 0 |o RB 120 .B23 |p 2021-0539 |r 2021-01-25 00:00:00 |w 2021-01-25 |y BK | ||
| 999 | |c 931 |d 931 | ||